00413nam a2200121Ia 4500008004100000100002200041245006000063245006100123260000900184300003000193440004500223650002300268171207s9999 xx 000 0 und d aSosnowski, Janusz aAnalysing problem handling schemes in software projects cJanusz Sosnowski, Bartosz Dobrzyński, Paweł Janczarek c2017 apages 56-71, January 2017 aInformation and Software Technologyv91: aSOFTWARE TECHNLOGY